Parole che iniziano con la "T" - Statistics

Statistiche generali
  • Questo quiz è stato fatto 287 volte
  • Il punteggio medio è 7 su 15
Statistiche sulle risposte
INZIZIO RISPOSTA % Corretto
Somma di denaro dovuta dai privati cittadini allo Stato Tasse
97%
Nelle scarpe (femminili) è a spillo Tacco
96%
Veicolo che la maggior parte degli agricoltori hanno Trattore
95%
Mobile che si trova in cucina o nella sala de pranzo Tavolo
85%
Persona che detiene il potere in modo violento Tiranno
80%
Patto privato avvenuto tra Cesare, Crasso e Pompeo nel 60 a.C. Triumvirato
52%
Dispositivo in grado di trasformare l'energia cinetica dell'acqua in energia meccanica Turbina
39%
Disposizione nella guerra dei romani molto famosa Testuggine
38%
Serie prolungata di suoni brevi e squillanti Tintinnio
30%
Il famoso governo dei quattro istituito da Domiziano nel 293 d.C. Tetrarchia
29%
Imperatore chiamato "Amore e delizia del genere umano" Tito
24%
Struttura che gli antichi Greci costruivano sul versante di una collina Teatro
17%
Le colonne dei piani del Colosseo sono di tipo _________, ionico e corinzio Tuscanico
7%
Termine usato per indicare i primi quattro libri dell'Odissea Telemachia
6%
Società di telecomunicazioni italiana (con una delle maggiori coperture di fibra a disposizione in Italia) Tiscali
6%
Nessun quiz corrispondente trovato
Distribuzione punteggi
Percentuale di utenti per punteggio
Percentile per numero di risposta
I tuoi punteggi nel tempo
Non hai fatto questo quiz